01425nam a2200241Ia 4500001001100000003001000011008004100021040002500062041001300087100002000100245003700120250001100157260010100168300002800269500026800297501011400565520026800679650001800947942000700965957000600972999004300978952016201021L262-20030IT-CnALBA170116s9999||||xx |||||||||||||| ||und|| aIT-CnALBAcIT-CnALBA aITALIANO aMAFFEI A. PAOLO 0aVIRTÙ E MIRACOLI DI S. PIO V.  a1a ed. aMONDOVI'bBIANCO G. TIPOGRAFO VESCOVILE. MONDOVI'c1872 [1° Ed.:1872 - Ed.Ling.Originale: 1872] a175 p. (prefazione: 18) aFONTE, VITA DI MAFFEI A. PAOLO. ESTRATTO. CURATORE GHILARDI VESCOVO. VIRTÙ E PIETÀ DI S. PIO V. ORAZIONE. AMORE ALLA CHIESA. AMORE AL PROSSIMO. CASTITÀ AUSTERITA'. UMILTÀ. RAPPORTI CON I PARENTI. GOVERNO DELLA CHIESA. GIUSTIZIA. GRATITUDINE. LIBERALITA'.  aSocietà San Paolo EM - Piazza San Paolo, 14 - 12051 ALBA (CN) (non commercial uses only) ® Copyright 2017 aFONTE, VITA DI MAFFEI A. PAOLO. ESTRATTO. CURATORE GHILARDI VESCOVO. VIRTÙ E PIETÀ DI S. PIO V. ORAZIONE. AMORE ALLA CHIESA. AMORE AL PROSSIMO. CASTITÀ AUSTERITA'. UMILTÀ. RAPPORTI CON I PARENTI. GOVERNO DELLA CHIESA. GIUSTIZIA. GRATITUDINE. LIBERALITA'.  aECCLESIOLOGIA cBK 71 a24769bSI g Copie: 1 c279150d279150 0010406L_2622003071aALBAbALBAd2017-01-16l0oL262-20030r2017-01-16 00:00:00w2017-01-16yBKz(data import: 16 gennaio 2017) - By Epidotti, Vaglietti.